Loading...
Beliefs - Religion | 0 | 5 | 0 | 0 | 50 | 66 | 95.00 | 1 | 5 |
History - Other History | 2 | 2 | 0 | 0 | 50 | 51 | 80.50 | 3 | 4 |
History - World History | 1 | 2 | 0 | 0 | 35 | 59 | 95.67 | 1 | 3 |
History - American History | 1 | 1 | 0 | 0 | 25 | 15 | 50.00 | 1 | 2 |
History - Euro History | 1 | 1 | 0 | 0 | 25 | 51 | 63.50 | 2 | 2 |
Thought - Social Science | 1 | 1 | 0 | 0 | 25 | 49 | 60.00 | 1 | 2 |
Beliefs - Mythology | 0 | 2 | 0 | 0 | 20 | 97 | 108.00 | 1 | 2 |
Literature - Euro Lit | 0 | 1 | 0 | 0 | 10 | 124 | 124.00 | 0 | 1 |
Science - Engineering | 0 | 1 | 0 | 0 | 10 | 100 | 100.00 | 1 | 1 |
Science - Other Science | 0 | 1 | 0 | 0 | 10 | 101 | 101.00 | 1 | 1 |
Thought - Philosophy | 0 | 1 | 0 | 0 | 10 | 128 | 128.00 | 0 | 1 |
Literature - World Lit | 0 | 1 | 0 | 0 | 10 | 94 | 94.00 | 0 | 1 |
Other - Other Academic | 0 | 1 | 0 | 0 | 10 | 110 | 110.00 | 0 | 1 |
Arts - Other Arts | 0 | 1 | 1 | 0 | 5 | 93 | 93.00 | 1 | 1 |
Arts - Painting | 0 | 1 | 1 | 0 | 5 | 114 | 114.00 | 1 | 1 |
Other - Geo/CE | 1 | 1 | 4 | 0 | 5 | 65 | 97.50 | 0 | 2 |